Álbum de seres perdidos / (Record no. 66578)

MARC details
000 -LEADER
campo de control de longitud fija 00830nam a2200241 i 4500
001 - NÚMERO DE CONTROL
campo de control 66578
003 - IDENTIFICADOR DE NÚMERO DE CONTROL
campo de control ES-MaACL
005 - FECHA Y HORA DE LA ÚLTIMA TRANSACCIÓN
campo de control 20240526062939.0
007 - CAMPO FIJO DE DESCRIPCIÓN FÍSICA--INFORMACIÓN GENERAL
campo de control de longitud fija t|
008 - DATOS DE LONGITUD FIJA--INFORMACIÓN GENERAL
campo de control de longitud fija 030424s2003 sp |||| | spa d
020 ## - NÚMERO INTERNACIONAL ESTÁNDAR DEL LIBRO
Número Internacional Estándar del Libro 84-95099-56-X
080 ## - NÚMERO DE LA CLASIFICACIÓN DECIMAL UNIVERSAL
Número de la Clasificación Decimal Universal 821.134.2-14"19"
100 1# - ENTRADA PRINCIPAL--NOMBRE DE PERSONA
Nombre de persona Márquez, Joaquín,
Fechas asociadas al nombre 1934-
9 (RLIN) 77006
245 10 - MENCIÓN DEL TÍTULO
Título Álbum de seres perdidos /
Mención de responsabilidad, etc. Joaquín Márquez.
260 ## - PUBLICACIÓN, DISTRIBUCIÓN, ETC.
Lugar de publicación, distribución, etc. [Soria] :
Nombre del editor, distribuidor, etc. Diputación Provincial de Soria, Departamento de Cultura,
Fecha de publicación, distribución, etc. [2003]
300 ## - DESCRIPCIÓN FÍSICA
Extensión 64 p. ;
Dimensiones 23 cm.
490 1# - MENCIÓN DE SERIE
Mención de serie Colección "Leonor" y "Gerardo Diego" de poesía
586 ## - NOTA DE PREMIOS
Nota de premios XXI Premio "Leonor" de poesía 2002
710 1# - ENTRADA AGREGADA--NOMBRE DE ENTIDAD CORPORATIVA
Nombre de entidad corporativa o nombre de jurisdicción como elemento de entrada Soria (Provincia).
Unidad subordinada Diputación Provincial.
9 (RLIN) 6880
830 0# - PUNTO DE ACCESO ADICIONAL DE SERIE-TÍTULO UNIFORME
Título uniforme Colección "Leonor" y "Gerardo Diego" de poesía
9 (RLIN) 183026
852 ## - LOCALIZACIÓN
Ubicación ES-MaACL
Número de control de estantería L-27045
Holdings
Estatus retirado Estado de pérdida Estado de daño No para préstamo Biblioteca de origen Biblioteca actual Ubicación en estantería Fecha de adquisición Fuente de adquisición Total de préstamos Signatura topográfica completa Código de barras Visto por última vez Precio de reemplazo Tipo de ítem Koha
        Biblioteca del Ateneo de Madrid Biblioteca del Ateneo de Madrid Depósito 2 17/01/2008     L-27045 1069740 23/02/2023 23/02/2023 Libro impreso